LIBRARY & INFORMATION CENTRE, KCAET, TAVANUR

ONLINE PUBLIC ACCESS CATALOGUE (OPAC)

Normal view MARC view
  • Fertigation Levels/ Irrigation-treatment/ Polyhouse Cultivation/ Cow Pea Cultivation/ Claimatic Condition/ Temperature - Polyhouse/ Humidity- Polyhouse/ Dry Irrigation

Entry Topical Term

Number of records used in: 1

001 - CONTROL NUMBER

  • control field: 1970

003 - CONTROL NUMBER IDENTIFIER

  • control field: OSt

005 - DATE AND TIME OF LATEST TRANSACTION

  • control field: 20161020151159.0

008 - FIXED-LENGTH DATA ELEMENTS

  • fixed length control field: 161020|| aca||aabn | a|a d

040 ## - CATALOGING SOURCE

  • Original cataloging agency: OSt
  • Transcribing agency: OSt

150 ## - HEADING--TOPICAL TERM

  • Topical term or geographic name as entry element: Fertigation Levels/ Irrigation-treatment/ Polyhouse Cultivation/ Cow Pea Cultivation/ Claimatic Condition/ Temperature - Polyhouse/ Humidity- Polyhouse/ Dry Irrigation

670 ## - SOURCE DATA FOUND

  • Source citation: Work cat.: (OSt): Meera T. Balan 1967, Effect of Different Irrigation and Fertigation Levels on Yield of Cowpea under Polyhouse
free website counter